[Event "Tackle an Elephant"]
[Site "SchemingMind.com"]
[Date "2015.07.20"]
[Round "-"]
[White "Yos"]
[Black "echecs"]
[Result "1-0"]
[WhiteCountry "INA"]
[BlackCountry "ENG"]
[WhiteElo "2171"]
[WhiteRD "68"]
[BlackElo "1798"]
[BlackRD "94"]
[GameID "383621"]

1. c4 c5 2. Nc3 Nc6 3. g3 g6 4. Bg2 Bg7 5. Nf3 Nf6 6. O-O O-O 7. d3 d6 8. a3 a6 9. Rb1 Rb8 10. b4 Nd7
11. Bd2 Nd4 12. Qc1 Re8 13. bxc5 Nxf3+ 14. Bxf3 Nxc5 15. Bh6 Qa5 16. Bxg7 Kxg7 17. Rb4 Bh3 18. Rd1 b5 19. cxb5 axb5 20. Rh4 Bf5
21. Qh6+ Kf6 22. Nd5+ Ke6 23. e4 Nxd3 24. exf5+
1-0

[Event "Tackle an Elephant"]
[Site "SchemingMind.com"]
[Date "2015.07.19"]
[Round "-"]
[White "tyler_ensor"]
[Black "Yos"]
[Result "0-1"]
[WhiteCountry "CAN"]
[BlackCountry "INA"]
[WhiteElo "1835"]
[WhiteRD "78"]
[BlackElo "2360"]
[BlackRD "73"]
[GameID "383622"]

1. d4 c5 2. d5 e5 3. e4 d6 4. Nc3 Be7 5. Nf3 a6 6. a4 Bg4 7. Be2 Nf6 8. O-O O-O 9. h3 Bh5 10. Be3 Bg6
11. Nd2 Nbd7 12. f3 Nh5 13. Nc4 Nb6 14. Nd2 Ng3 15. Re1 Bh4 16. Bf2 f5 17. Bxg3 Bxg3 18. Rf1 fxe4 19. Ncxe4 Bf4 20. Nc4 Bxe4
21. fxe4 Nxc4 22. Bxc4 Be3+ 23. Kh1 Qh4 24. Qe2 Bf2 25. Ra3 Rf4 26. Rf3 Rxe4 27. Qxf2 Qxf2 28. R3xf2 Rxc4 29. Kh2 Rxa4 30. Rf7 b5
31. Rd7 Rf8 32. Rxf8+ Kxf8 33. Rxd6 Ra2 34. Re6 Kf7 35. b3 Rxc2 36. Rxe5 c4 37. bxc4 Rxc4 38. Re1 a5 39. d6 a4 40. Rd1 Ke8
41. Re1+ Kd7 42. Re7+ Kxd6 43. Rxg7 a3 44. Rxh7 a2 45. Ra7 Ra4
0-1

[Event "Tackle an Elephant"]
[Site "SchemingMind.com"]
[Date "2015.07.19"]
[Round "-"]
[White "Yos"]
[Black "tyler_ensor"]
[Result "1-0"]
[WhiteCountry "INA"]
[BlackCountry "CAN"]
[WhiteElo "2171"]
[WhiteRD "68"]
[BlackElo "1793"]
[BlackRD "81"]
[GameID "383623"]

1. c4 e5 2. Nc3 f5 3. d4 exd4 4. Qxd4 Nc6 5. Qe3+ Qe7 6. Nd5 Qxe3 7. Bxe3 Bb4+ 8. Bd2 Bxd2+ 9. Kxd2 Kd8 10. Nf3 h6
11. Re1 d6 12. e4 Nge7 13. Nxe7 Nxe7 14. e5 dxe5 15. Nxe5 f4 16. Nf7+
1-0

[Event "Tackle an Elephant"]
[Site "SchemingMind.com"]
[Date "2015.07.20"]
[Round "-"]
[White "Phillip Beckett"]
[Black "Yos"]
[Result "0-1"]
[WhiteCountry "ENG"]
[BlackCountry "INA"]
[WhiteElo "1543"]
[WhiteRD "50"]
[BlackElo "2106"]
[BlackRD "70"]
[GameID "383624"]

1. e4 c5 2. Nf3 Nc6 3. d4 cxd4 4. Nxd4 Nf6 5. Nc3 d6 6. Bg5 e6 7. f4 Be7 8. Qd2 O-O 9. O-O-O h6 10. Bxf6 Bxf6
11. Nxc6 bxc6 12. Qxd6 Qb6 13. Na4 Qe3+ 14. Kb1 Rd8 15. Qxd8+ Bxd8 16. Rxd8+ Kh7 17. Bd3 g6 18. f5 exf5 19. exf5 Qe7 20. fxg6+ fxg6
21. Rd4 Qf6 22. Re4 Bf5 23. Rf4 Qg5 24. Rhf1 Bxd3 25. cxd3 Qxg2 26. Nc5 Qxh2 27. Rf7+ Kh8 28. Ne6 h5 29. R7f6 Qd2 30. Nf8 Rb8
31. Nxg6+ Kg7 32. Ne5 Qxb2#
0-1

[Event "Tackle an Elephant"]
[Site "SchemingMind.com"]
[Date "2015.07.20"]
[Round "-"]
[White "Yos"]
[Black "Phillip Beckett"]
[Result "1-0"]
[WhiteCountry "INA"]
[BlackCountry "ENG"]
[WhiteElo "2106"]
[WhiteRD "70"]
[BlackElo "1543"]
[BlackRD "50"]
[GameID "383625"]

1. c4 d5 2. cxd5 Qxd5 3. Nc3 Qd8 4. d4 e6 5. Nf3 Nf6 6. e4 c5 7. d5 exd5 8. exd5 Bd6 9. Qe2+ Qe7 10. Nb5 Qxe2+
11. Bxe2 Kd7 12. Ng5 a6 13. Nxd6 Kxd6 14. Nxf7+ Kxd5 15. Nxh8 Be6 16. Bf3+ Kd6 17. Bf4+ Ke7 18. Bxb7 Ra7 19. Bf3 Nbd7 20. O-O-O Kf8
21. Rhe1 Bc4 22. Bb8 Nxb8 23. Rd8+
1-0

[Event "Tackle an Elephant"]
[Site "SchemingMind.com"]
[Date "2015.07.19"]
[Round "-"]
[White "Scooter"]
[Black "Yos"]
[Result "0-1"]
[WhiteCountry "USA"]
[BlackCountry "INA"]
[WhiteElo "1713"]
[WhiteRD "49"]
[BlackElo "2106"]
[BlackRD "70"]
[GameID "383626"]

1. d4 c5 2. Nf3 cxd4 3. Nxd4 d5 4. Bf4 f6 5. Bg3 e5 6. Nf3 Qb6 7. b3 Nc6 8. e3 Be6 9. Be2 Nh6 10. h3 Bc5
11. O-O Nf5 12. Bh2 e4 13. Nd4 Nxe3 14. fxe3 Nxd4 15. Bf4 Nf5 16. Qc1 g5
0-1

[Event "Tackle an Elephant"]
[Site "SchemingMind.com"]
[Date "2015.07.19"]
[Round "-"]
[White "Yos"]
[Black "Scooter"]
[Result "1-0"]
[WhiteCountry "INA"]
[BlackCountry "USA"]
[WhiteElo "2106"]
[WhiteRD "70"]
[BlackElo "1713"]
[BlackRD "49"]
[GameID "383627"]

1. c4 Nf6 2. Nc3 g6 3. g3 Bg7 4. Bg2 O-O 5. d4 d6 6. Nf3 Nc6 7. O-O Bg4 8. d5 Bxf3 9. exf3 Ne5 10. Qe2 c6
11. f4 Ned7 12. dxc6 bxc6 13. Bxc6 Rc8 14. Bf3 Nc5 15. Be3 Nfd7 16. Nb5 Rb8 17. b4 Bxa1 18. bxc5 Bg7 19. c6 Rxb5 20. cxb5 Nb6
21. a4 Nxa4 22. Bxa7 Nc3 23. Qc4 Qa5 24. c7 Qxb5 25. c8=Q
1-0

[Event "Tackle an Elephant"]
[Site "SchemingMind.com"]
[Date "2015.07.19"]
[Round "-"]
[White "ray winteringham"]
[Black "Yos"]
[Result "0-1"]
[WhiteCountry "ENG"]
[BlackCountry "INA"]
[WhiteElo "1499"]
[WhiteRD "50"]
[BlackElo "2106"]
[BlackRD "70"]
[GameID "383628"]

1. e4 c5 2. Nf3 Nc6 3. d3 g6 4. Be3 Bg7 5. c3 d6 6. Be2 Nf6 7. h3 O-O 8. O-O e5 9. Nbd2 Nh5 10. g3 Bxh3
11. Re1 h6 12. Nh4 Nf4 13. Ndf3 Nxe2+ 14. Qxe2 Qd7 15. Nh2 g5 16. Ng2 f5 17. exf5 Bxf5 18. a3 Bg6 19. b4 b6 20. b5 Na5
21. c4 e4 22. Rab1 exd3 23. Qg4 Qxg4 24. Nxg4 Nxc4 25. a4 d2 26. Red1 Bxb1 27. Rxb1 Rae8
0-1

[Event "Tackle an Elephant"]
[Site "SchemingMind.com"]
[Date "2015.07.19"]
[Round "-"]
[White "Yos"]
[Black "ray winteringham"]
[Result "1-0"]
[WhiteCountry "INA"]
[BlackCountry "ENG"]
[WhiteElo "2106"]
[WhiteRD "70"]
[BlackElo "1499"]
[BlackRD "50"]
[GameID "383629"]

1. c4 e5 2. Nc3 Bc5 3. Nf3 d6 4. e3 Bg4 5. Be2 Nf6 6. d4 exd4 7. exd4 Bb4 8. Qa4+ Nc6 9. d5 Bxc3+ 10. bxc3 Bd7
11. dxc6 Bxc6 12. Qc2 Qe7 13. O-O O-O-O 14. Be3 b6 15. Rfe1 Rhg8 16. Bg5 h6 17. Nd4 Bxg2 18. Bg4+
1-0

[Event "Tackle an Elephant"]
[Site "SchemingMind.com"]
[Date "2015.07.19"]
[Round "-"]
[White "NovikovE"]
[Black "Yos"]
[Result "1/2-1/2"]
[WhiteCountry "RUS"]
[BlackCountry "INA"]
[WhiteElo "2145"]
[WhiteRD "101"]
[BlackElo "2271"]
[BlackRD "68"]
[GameID "383630"]

1. g3 c5 2. c4 Nc6 3. Nc3 g6 4. Bg2 Bg7 5. Nf3 d6 6. d3 Nf6 7. O-O O-O 8. a3 Qb6 9. Bd2 Bd7 10. b4 cxb4
11. Na4 Qd8 12. axb4 a6 13. Qb3 b5 14. Nc3 Rb8 15. cxb5 axb5 16. Rfc1 Be6 17. Qb1 Qd7 18. Ng5 Bg4 19. h3 h6 20. Ra6 hxg5
21. Bxc6 Qc8 22. Qa2 Bxh3 23. Nxb5 Ng4 24. Be4 Qe6 25. Nc7 Qf6 26. Bf3 Qd4 27. Be1 Rfc8 28. Qd2 Qb2 29. Qd1 Kh7 30. Rc2 Qf6
31. Nd5 Qe5 32. Ra7 Rxc2 33. Qxc2 Qd4 34. Ra2 e6 35. Bxg4 Qxg4 36. Qc7 Bd4 37. Qxf7+ Kh6 38. Ne3 Bxe3 39. fxe3 Qf5 40. Qxf5 gxf5
41. Bd2 Kg6 42. Kf2 Bg4 43. e4 fxe4 44. dxe4 Rb5 45. Ra5 Rxa5 46. bxa5 e5 47. a6 Bd7 48. g4 Kf6 49. a7 Bc6 50. Kf3 Bb7
51. Ke3 Ke6 52. Kd3 Kd7 53. Bxg5 Kc7 54. Be7 Ba6+ 55. Ke3 Kb7 56. g5 Kxa7 57. Bxd6 Kb6 58. Bxe5 Kc6 59. g6 Kd7 60. Kd4 Ke6
61. e3 Bc8 62. Bh8 Ke7 63. Ke5 Ba6 64. Bf6+ Ke8 65. g7 Bc4 66. Kd6 Bg8 67. Bg5 Bc4 68. e5 Bg8 69. e4 Bb3 70. Bd2 Bg8
71. e6 Bh7 72. Ke5 Bg8 73. Kf6 Bh7 74. e5 Bg8 75. Bb4 Bh7 76. e7 Bg8 77. Kg6 Kd7 78. Bd6 Ke8 79. Kh6 Kf7 80. Bc5 Ke8
81. Kg6 Kd7=
1/2-1/2

[Event "Tackle an Elephant"]
[Site "SchemingMind.com"]
[Date "2015.07.19"]
[Round "-"]
[White "Yos"]
[Black "NovikovE"]
[Result "1-0"]
[WhiteCountry "INA"]
[BlackCountry "RUS"]
[WhiteElo "2221"]
[WhiteRD "69"]
[BlackElo "2098"]
[BlackRD "109"]
[GameID "383631"]

1. c4 Nf6 2. Nc3 e5 3. g3 d5 4. cxd5 Nxd5 5. Bg2 Nxc3 6. bxc3 Nc6 7. d3 Be7 8. Rb1 O-O 9. Nf3 Rb8 10. O-O Qd6
11. Qc2 b6 12. e4 Rd8 13. Rd1 Bg4 14. h3 Bxf3 15. Bxf3 Qf6 16. Kg2 Bc5 17. Rf1 Qd6 18. Be2 Kh8 19. f4 f6 20. Bd2 Rf8
21. fxe5 fxe5 22. Qb3 Ne7 23. Rf7 Nd5 24. Rbf1 Nf6 25. Be1 h6 26. Rxf8+ Rxf8 27. Rf3 c6 28. a4 Qd7 29. Rf5 Qe8 30. Qc4 Kh7
31. Rf3 Qd7 32. g4 Bd6 33. Bg3 Kh8 34. Rf5 g6 35. Rf3 Kg7 36. Bd1 Rd8 37. Bc2 Re8 38. d4 c5 39. Bb3 cxd4 40. cxd4 Bb8
41. h4 Rc8 42. Qa6 exd4 43. e5
1-0

[Event "Tackle an Elephant"]
[Site "SchemingMind.com"]
[Date "2015.07.19"]
[Round "-"]
[White "Stephen Woodhouse"]
[Black "Yos"]
[Result "0-1"]
[WhiteCountry "ENG"]
[BlackCountry "INA"]
[WhiteElo "1854"]
[WhiteRD "48"]
[BlackElo "2106"]
[BlackRD "70"]
[GameID "383632"]

1. e4 c5 2. c3 Nc6 3. d4 cxd4 4. cxd4 e6 5. Nf3 Bb4+ 6. Bd2 Nf6 7. Bd3 Qb6 8. O-O Nxd4 9. Nxd4 Qxd4 10. Bc3 Bxc3
11. Nxc3 O-O 12. e5 Qxe5 13. Re1 Qa5 14. Qf3 d5 15. g4 Qb4 16. h3 Qxb2 17. Ne2 e5 18. Reb1 Qd2 19. Rd1 Qa5 20. Bc2 Be6
21. g5 Nd7 22. Qh5 g6 23. Qf3 f6 24. gxf6 Rxf6 25. Qg2 Raf8 26. Rf1 Qd2 27. Bd1 Nc5 28. Ng3 Nd3 29. Nh5 Rxf2
0-1

[Event "Tackle an Elephant"]
[Site "SchemingMind.com"]
[Date "2015.07.19"]
[Round "-"]
[White "Yos"]
[Black "Stephen Woodhouse"]
[Result "1-0"]
[WhiteCountry "INA"]
[BlackCountry "ENG"]
[WhiteElo "2106"]
[WhiteRD "70"]
[BlackElo "1854"]
[BlackRD "48"]
[GameID "383633"]

1. c4 e6 2. Nc3 d5 3. cxd5 exd5 4. d4 Nf6 5. Bg5 Be7 6. e3 O-O 7. Bd3 c6 8. Qc2 h6 9. Bh4 Nbd7 10. Nf3 Re8
11. O-O Ne4 12. Bxe7 Qxe7 13. Rae1 Ndf6 14. Ne5 Nxc3 15. Qxc3 Nd7 16. f4 Nxe5 17. fxe5 Be6 18. Rf3 Rf8 19. Ref1 f6 20. exf6 Rxf6
21. Rxf6 gxf6 22. Qe1 Rf8 23. Qh4 Qg7 24. Rf3 Kf7 25. Rg3 Qh8 26. Qf4 Rd8 27. Rg6 Ke7 28. Rxh6 Qg8 29. Qxf6+ Kd6 30. Rh7
1-0

[Event "Tackle an Elephant"]
[Site "SchemingMind.com"]
[Date "2015.07.21"]
[Round "-"]
[White "Glenn O'Brien"]
[Black "capablanca"]
[Result "1-0"]
[WhiteCountry "AUS"]
[BlackCountry "GER"]
[WhiteElo "2051"]
[WhiteRD "67"]
[BlackElo "1753"]
[BlackRD "64"]
[GameID "383696"]

1. e4 c5 2. Nf3 d6 3. d4 cxd4 4. Nxd4 g6 5. Nc3 Bg7 6. Be3 Nf6 7. f3 O-O 8. Qd2 a6 9. O-O-O Nc6 10. Bc4 Nxd4
11. Bxd4 b5 12. Bb3 Bb7 13. h4 Rc8 14. g4 b4 15. Na4 a5 16. Bb6 Qe8 17. Bxa5 Nd7 18. Qxb4 Ba6 19. Nb6 Nxb6 20. Bxb6 Be2
21. Ba4
1-0

[Event "Tackle an Elephant"]
[Site "SchemingMind.com"]
[Date "2015.07.21"]
[Round "-"]
[White "Glenn O'Brien"]
[Black "echecs"]
[Result "1-0"]
[WhiteCountry "AUS"]
[BlackCountry "ENG"]
[WhiteElo "2012"]
[WhiteRD "68"]
[BlackElo "1821"]
[BlackRD "79"]
[GameID "383697"]

1. e4 e5 2. Nf3 Nc6 3. Bb5 a6 4. Ba4 Nf6 5. O-O b5 6. Bb3 Be7 7. Re1 O-O 8. c3 d6 9. h3 Bb7 10. d4 exd4
11. cxd4 Re8 12. Nc3 Na5 13. Bc2 Nc4 14. b3 Nb6 15. Bb2 Qc8 16. e5 Nfd5 17. Nxd5 Bxd5 18. Qd3 g6 19. Qc3 Qb7 20. Bc1 b4
21. Qe3 dxe5 22. dxe5 Bf6 23. Bb2 Nd7 24. Be4 Bxe4 25. Qxe4 Qb5 26. Qc4 Qxc4 27. bxc4 Bg7 28. Rad1 Nc5 29. Rd5 Na4 30. Bd4 a5
31. Rd7 c5 32. e6 f6 33. Ba1 Nb6 34. Rb7 Nxc4 35. Rb5 Ra6 36. Rxc5 Na3 37. Nd4 f5 38. e7 Bf6 39. Nc6 Bxa1 40. Rxa1 Kf7
41. Re1 Kf6 42. g4 fxg4 43. hxg4 h6 44. f4 h5 45. gxh5 gxh5 46. Rxh5 Rg8+ 47. Kf2 Rxc6 48. Rh6+ Rg6 49. Rxg6+
1-0

[Event "Tackle an Elephant"]
[Site "SchemingMind.com"]
[Date "2015.07.22"]
[Round "-"]
[White "echecs"]
[Black "Glenn O'Brien"]
[Result "0-1"]
[WhiteCountry "ENG"]
[BlackCountry "AUS"]
[WhiteElo "1821"]
[WhiteRD "79"]
[BlackElo "2012"]
[BlackRD "68"]
[GameID "383698"]

1. e4 e5 2. Nf3 Nc6 3. Bc4 Nf6 4. Ng5 d5 5. exd5 Na5 6. Bb5+ c6 7. dxc6 bxc6 8. Qf3 Be7 9. Bxc6+ Nxc6 10. O-O Bd7
11. d3 Nd4 12. Qd1 Nd5 13. c3 Bxg5 14. cxd4 exd4 15. Re1+ Kf8 16. Bxg5 Qxg5 17. Nd2 Bh3 18. g3 Nf6 19. Ne4 Nxe4 20. Rxe4 Rd8
21. Rh4 Be6 22. Qa4 Qc5 23. Rf4 g5 24. Re4 Bf5 25. Ree1 Bxd3 26. Rac1 Qd6 27. Qxa7 Kg7 28. Re7 Bg6 29. Rcc7 d3 30. Red7 d2
31. Rxf7+ Kh6
0-1

[Event "Tackle an Elephant"]
[Site "SchemingMind.com"]
[Date "2015.07.21"]
[Round "-"]
[White "Glenn O'Brien"]
[Black "tyler_ensor"]
[Result "1-0"]
[WhiteCountry "AUS"]
[BlackCountry "CAN"]
[WhiteElo "1968"]
[WhiteRD "69"]
[BlackElo "1825"]
[BlackRD "76"]
[GameID "383699"]

1. e4 c5 2. Nf3 d6 3. d4 cxd4 4. Nxd4 Nf6 5. Nc3 a6 6. Bg5 Nc6 7. Qd2 e6 8. O-O-O Bd7 9. f4 b5 10. Bxf6 gxf6
11. Kb1 Qb6 12. Nxc6 Bxc6 13. f5 h5 14. Qe1 O-O-O 15. a3 Rd7 16. Qh4 Be7 17. fxe6 fxe6 18. Qh3 b4 19. axb4 f5 20. Nd5 exd5
21. exd5 Ba4 22. Qc3+ Rc7 23. Qxh8+ Kb7 24. b3 Qxb4 25. Bxa6+ Kxa6 26. Rd4
1-0

[Event "Tackle an Elephant"]
[Site "SchemingMind.com"]
[Date "2015.07.22"]
[Round "-"]
[White "tyler_ensor"]
[Black "Glenn O'Brien"]
[Result "0-1"]
[WhiteCountry "CAN"]
[BlackCountry "AUS"]
[WhiteElo "1823"]
[WhiteRD "78"]
[BlackElo "1980"]
[BlackRD "68"]
[GameID "383700"]

1. d4 Nf6 2. c4 e6 3. Nc3 Bb4 4. e3 O-O 5. Bd3 d5 6. Nf3 c5 7. O-O Nc6 8. a3 Bxc3 9. bxc3 Qc7 10. cxd5 exd5
11. a4 Re8 12. Ba3 c4 13. Bc2 Ne4 14. Bxe4 Rxe4 15. Nd2 Re8 16. e4 dxe4 17. Re1 Bf5 18. Nxc4 Rad8 19. Ne3 Be6 20. Qh5 Na5
21. Bb4 Nc6 22. Ba3 Qa5 23. Qxa5 Nxa5 24. Nf1 Bb3 25. Bc1 Bd5 26. Ne3 Be6 27. Ba3 f5 28. Bb4 Nc6 29. Ba3 f4 30. Nf1 Bc4
31. Bc1 g5 32. g3 Bxf1 33. Kxf1 fxg3 34. hxg3 h6 35. Ra2 Na5 36. Rae2 Nb3 37. Ba3 Rc8 38. Bb2 Rc7 39. Rxe4 Rxe4 40. Rxe4 Nd2+
0-1

[Event "Tackle an Elephant"]
[Site "SchemingMind.com"]
[Date "2015.07.21"]
[Round "-"]
[White "Glenn O'Brien"]
[Black "Phillip Beckett"]
[Result "1-0"]
[WhiteCountry "AUS"]
[BlackCountry "ENG"]
[WhiteElo "2051"]
[WhiteRD "67"]
[BlackElo "1543"]
[BlackRD "50"]
[GameID "383701"]

1. e4 e5 2. Nf3 Nc6 3. Bb5 a6 4. Ba4 Nf6 5. O-O Be7 6. Re1 b5 7. Bb3 O-O 8. c3 d5 9. exd5 Nxd5 10. Nxe5 Nxe5
11. Rxe5 Nf6 12. d4 Bd6 13. Re1 Ng4 14. h3 Qh4 15. Qf3 Nxf2 16. Bd2 Bb7 17. Qxb7 Nd3 18. Re2 Nf4 19. Bxf4 Qxf4 20. Nd2 Qh2+
21. Kf2 Qg3+ 22. Kf1 Qh2 23. Rd1 Bg3 24. Re3 Bf4 25. Re7 Rae8 26. Bxf7+ Kh8 27. Rxe8 Bd6 28. Rxf8+ Bxf8 29. Qa8 Qh1+ 30. Kf2
1-0

[Event "Tackle an Elephant"]
[Site "SchemingMind.com"]
[Date "2015.07.22"]
[Round "-"]
[White "Phillip Beckett"]
[Black "Glenn O'Brien"]
[Result "0-1"]
[WhiteCountry "ENG"]
[BlackCountry "AUS"]
[WhiteElo "1545"]
[WhiteRD "51"]
[BlackElo "2013"]
[BlackRD "68"]
[GameID "383702"]

1. e4 e5 2. Nf3 Nc6 3. Bc4 Nf6 4. d4 exd4 5. e5 d5 6. exf6 dxc4 7. O-O Qxf6 8. Re1+ Be6 9. Bg5 Qf5 10. Nxd4 Nxd4
11. Qxd4 Qxg5 12. Nc3 Be7 13. Ne4 Qh6 14. Rad1 O-O 15. Qe3 Qxe3 16. Rxe3 Rfd8 17. Ree1 Rxd1 18. Rxd1 Bf5 19. Ng3 Bxc2 20. Rc1 Bd3
21. b3 Bg5 22. bxc4 Bb1 23. Rxb1 b6 24. Ne4 Bf6 25. Nxf6+ gxf6 26. Rd1 Re8 27. Kf1 Re4 28. Rc1 c5 29. f3 Rh4 30. h3 f5
31. Rc3 Kg7 32. Kf2 Rd4 33. g4 fxg4 34. fxg4 Rd2+ 35. Ke3 Rxa2 36. Kf4 a5 37. Rb3 Rc2 38. Rxb6 Rxc4+ 39. Kg3 Rc3+ 40. Kg2 a4
41. Ra6 a3 42. Ra5 c4 43. Ra4 h6 44. Kh2 Rc2+ 45. Kg3 a2 46. Kh4 c3 47. Ra3 Rb2
0-1

[Event "Tackle an Elephant"]
[Site "SchemingMind.com"]
[Date "2015.07.21"]
[Round "-"]
[White "Glenn O'Brien"]
[Black "Scooter"]
[Result "1/2-1/2"]
[WhiteCountry "AUS"]
[BlackCountry "USA"]
[WhiteElo "2012"]
[WhiteRD "68"]
[BlackElo "1723"]
[BlackRD "47"]
[GameID "383703"]

1. e4 c6 2. d4 d5 3. Nc3 dxe4 4. Nxe4 Bf5 5. Ng3 Bg6 6. h3 Nd7 7. Nf3 Qc7 8. Bd3 Bxd3 9. cxd3 O-O-O 10. O-O Ngf6
11. Ng5 Re8 12. Nxf7 Rg8 13. Ne4 Nxe4 14. dxe4 h6 15. Qg4 e6 16. Nxh6 Nf6 17. Qf3 gxh6 18. Qxf6 Bg7 19. Qf4 Qxf4 20. Bxf4 Bxd4
21. Rab1 h5 22. Kh1 e5 23. Be3 Bxe3 24. fxe3 Rgf8 25. Rxf8 Rxf8 26. Kg1 Kd7 27. Rf1 Rxf1+ 28. Kxf1 Ke6 29. Kf2 a5 30. Kg3 Kf6
31. Kh4 Kg6 32. g4 hxg4 33. Kxg4 b5 34. h4 c5 35. h5+ Kf6 36. h6 c4 37. h7 Kg7 38. h8=R Kxh8 39. Kf3 Kg7 40. Ke2 Kf6
41. Kd2 Ke6 42. Kc3 Kd6 43. a4 Kc5 44. axb5 Kxb5 45. Kd2 Kb4 46. Kc2 a4 47. Kb1 Kb3 48. Kc1 c3 49. Kb1 a3 50. bxa3 Kxa3
51. Kc2 Kb4 52. Kc1 Kc5 53. Kb1 Kb4 54. Kc1 Kb5 55. Kb1 Kb4 56. Kc1
1/2-1/2

[Event "Tackle an Elephant"]
[Site "SchemingMind.com"]
[Date "2015.07.22"]
[Round "-"]
[White "Scooter"]
[Black "Glenn O'Brien"]
[Result "1-0"]
[WhiteCountry "USA"]
[BlackCountry "AUS"]
[WhiteElo "1710"]
[WhiteRD "48"]
[BlackElo "2013"]
[BlackRD "68"]
[GameID "383704"]

1. d4 Nf6 2. Nf3 g6 3. Bg5 Bg7 4. e3 O-O 5. Be2 d6 6. O-O Nbd7 7. Nbd2 e5 8. dxe5 dxe5 9. c3 Qe8 10. Bxf6 Nxf6
11. Qc2 h6 12. Ne4 Qc6 13. Bd3 Re8 14. Nxf6+ Qxf6 15. Be4 Bf5 16. Bxf5 gxf5 17. Rfd1 Red8 18. Rxd8+ Rxd8 19. Rd1 Rxd1+ 20. Qxd1 Qc6
21. Nh4 Qe4 22. Nf3 Bf8 23. h3 Bd6 24. Kf1 Qc4+ 25. Qe2 Qxa2 26. Nh4 Be7 27. Nxf5 Qxb2 28. Nxe7+ Kf8 29. Qxb2
1-0

[Event "Tackle an Elephant"]
[Site "SchemingMind.com"]
[Date "2015.07.21"]
[Round "-"]
[White "Glenn O'Brien"]
[Black "ray winteringham"]
[Result "1-0"]
[WhiteCountry "AUS"]
[BlackCountry "ENG"]
[WhiteElo "2051"]
[WhiteRD "67"]
[BlackElo "1499"]
[BlackRD "50"]
[GameID "383705"]

1. e4 e5 2. Nf3 Nc6 3. Bb5 a6 4. Ba4 Bc5 5. O-O b5 6. Bb3 d6 7. c3 h6 8. d4 Bb6 9. dxe5 dxe5 10. Bxf7+ Kxf7
11. Nxe5+ Ke8 12. Qh5+
1-0

[Event "Tackle an Elephant"]
[Site "SchemingMind.com"]
[Date "2015.07.22"]
[Round "-"]
[White "ray winteringham"]
[Black "Glenn O'Brien"]
[Result "0-1"]
[WhiteCountry "ENG"]
[BlackCountry "AUS"]
[WhiteElo "1499"]
[WhiteRD "50"]
[BlackElo "2051"]
[BlackRD "67"]
[GameID "383706"]

1. d4 Nf6 2. Bg5 Ne4 3. Bh4 c5 4. f3 g5 5. Bg3 Nxg3 6. hxg3 Qb6 7. b3 Bg7 8. c3 cxd4 9. Qc2 Qc7 10. Rxh7 Qxg3+
11. Kd1 Rxh7 12. Qxh7 Kf8 13. Qd3 Qf2 14. Nd2 Qxg1 15. Kc2 Nc6 16. Rd1 dxc3 17. Ne4 Nb4+
0-1

[Event "Tackle an Elephant"]
[Site "SchemingMind.com"]
[Date "2015.07.25"]
[Round "-"]
[White "Glenn O'Brien"]
[Black "NovikovE"]
[Result "0-1"]
[WhiteCountry "AUS"]
[BlackCountry "RUS"]
[WhiteElo "2012"]
[WhiteRD "68"]
[BlackElo "2098"]
[BlackRD "109"]
[GameID "383707"]

1. e4 c5 2. Nf3 d6 3. d4 cxd4 4. Nxd4 Nf6 5. Nc3 e5 6. Bb5+ Bd7 7. Bxd7+ Qxd7 8. Nde2 Nc6 9. Bg5 Be7 10. Ng3 O-O-O
11. O-O Kb8 12. Nf5 Nxe4 13. Bxe7 Nxe7 14. Nxg7 Nxc3 15. bxc3 Rhg8 16. Nh5 Qc6 17. g3 Rdf8 18. Qd2 Rg6 19. f4 Rh6 20. Ng7 Qb6+
21. Kg2 f5 22. fxe5 dxe5 23. Qg5 Qc6+ 24. Rf3 Nd5 25. Nxf5 Nf4+ 26. gxf4 Rg6 27. Qxg6 hxg6 28. Ne3 Qxc3 29. Rd1 exf4 30. a3 Qxa3
31. Nd5 Qa4 32. Rd2 g5 33. h3 Rd8 34. Kg1 Qe4 35. Rfd3 Qe1+ 36. Kg2 Re8 37. Nc3 g4 38. hxg4 f3+ 39. Kxf3 Rf8+ 40. Kg2 Qf1+
41. Kg3 Qf4+ 42. Kh3 Rh8+ 43. Kg2 Rh2+ 44. Kg1 Rxd2
0-1

[Event "Tackle an Elephant"]
[Site "SchemingMind.com"]
[Date "2015.07.26"]
[Round "-"]
[White "NovikovE"]
[Black "Glenn O'Brien"]
[Result "1-0"]
[WhiteCountry "RUS"]
[BlackCountry "AUS"]
[WhiteElo "2145"]
[WhiteRD "101"]
[BlackElo "1968"]
[BlackRD "69"]
[GameID "383708"]

1. e4 e5 2. Nf3 Nc6 3. Bb5 a6 4. Ba4 Nf6 5. O-O Be7 6. Nc3 b5 7. Bb3 d6 8. Nd5 Na5 9. Nxe7 Qxe7 10. d3 O-O
11. Bd2 Nxb3 12. axb3 Nd7 13. Bg5 f6 14. Be3 c5 15. c3 f5 16. exf5 Rxf5 17. Nd2 d5 18. d4 Bb7 19. dxc5 Nxc5 20. Bxc5 Qxc5
21. b4 Qc6 22. f3 Qb6+ 23. Rf2 a5 24. bxa5 Rxa5 25. Rxa5 Qxa5 26. Qe2 h5 27. Nf1 h4 28. g4 hxg3 29. Nxg3 Rg5 30. f4 Qa1+
31. Qf1 Qxf1+ 32. Kxf1 exf4 33. Rxf4 Bc8 34. Ke2 Re5+ 35. Kd3 Re1 36. Kd4 Rd1+ 37. Ke5 Rd2 38. Rb4 Bd7 39. Kd6 Be8 40. h4 Bg6
41. Nf1 Rd3 42. Rd4 Rf3 43. Nd2 Re3 44. Kxd5 Bf7+ 45. Kc5 Re5+ 46. Kb4 g5 47. hxg5 Rxg5 48. Rd8+ Kh7 49. Nf3 Rh5 50. Rb8 Rf5
51. Nd4 Rf2 52. b3 Bg6 53. Kxb5 Rd2 54. Rd8 Bf5 55. c4 Bd3 56. Ne6 Rd1 57. Kb6 Re1 58. Nf8+ Kg7 59. Rxd3 Kxf8 60. c5 Ke7
61. c6 Rc1 62. c7 Ke6 63. Kb7 Ke5 64. c8=Q Rxc8 65. Kxc8
1-0

[Event "Tackle an Elephant"]
[Site "SchemingMind.com"]
[Date "2015.07.21"]
[Round "-"]
[White "Glenn O'Brien"]
[Black "Stephen Woodhouse"]
[Result "1-0"]
[WhiteCountry "AUS"]
[BlackCountry "ENG"]
[WhiteElo "2051"]
[WhiteRD "67"]
[BlackElo "1854"]
[BlackRD "48"]
[GameID "383709"]

1. e4 e6 2. d4 d5 3. Nc3 Nf6 4. Bg5 dxe4 5. Nxe4 Be7 6. Bxf6 Bxf6 7. Nf3 O-O 8. Qd2 Nd7 9. O-O-O b6 10. Bc4 Bb7
11. Qf4 Bxe4 12. Qxe4 Qe7 13. Ne5 Nxe5 14. dxe5 Bg5+ 15. f4 Bh6 16. g4 g6 17. g5 Bg7 18. Rd4 Rad8 19. Rhd1 Rxd4 20. Qxd4 Re8
21. Qd7 Bf8 22. Bb5 Qxd7 23. Rxd7 Re7 24. Rd8 Kg7 25. Bc6 Kg8 26. b4 Kg7 27. Ra8
1-0

[Event "Tackle an Elephant"]
[Site "SchemingMind.com"]
[Date "2015.07.22"]
[Round "-"]
[White "Stephen Woodhouse"]
[Black "Glenn O'Brien"]
[Result "0-1"]
[WhiteCountry "ENG"]
[BlackCountry "AUS"]
[WhiteElo "1854"]
[WhiteRD "48"]
[BlackElo "2051"]
[BlackRD "67"]
[GameID "383710"]

1. e4 e5 2. Nf3 Nc6 3. d4 exd4 4. Nxd4 Bc5 5. Be3 Qf6 6. c3 Nge7 7. Bc4 Ne5 8. Be2 Qg6 9. O-O d6 10. Kh1 Qxe4
11. Nd2 Qg6 12. Nb5 O-O 13. Nxc7 Rb8 14. Bf4 Bd7 15. Nb3 Bc6 16. Bg3 Bb6 17. Nb5 Nf5 18. N3d4 Nxg3+ 19. hxg3 Bd7 20. Nf3 Nxf3
21. gxf3 Bxb5 22. Bxb5 Qh5+ 23. Kg2 Qxb5
0-1

[Event "Tackle an Elephant"]
[Site "SchemingMind.com"]
[Date "2015.07.21"]
[Round "-"]
[White "Glenn O'Brien"]
[Black "Yos"]
[Result "0-1"]
[WhiteCountry "AUS"]
[BlackCountry "INA"]
[WhiteElo "2051"]
[WhiteRD "67"]
[BlackElo "2106"]
[BlackRD "70"]
[GameID "383711"]

1. e4 c5 2. Nf3 Nc6 3. d4 cxd4 4. Nxd4 Nf6 5. Nc3 e5 6. Ndb5 d6 7. Bg5 a6 8. Na3 b5 9. Nd5 Be7 10. Bxf6 Bxf6
11. c3 O-O 12. Nc2 Be6 13. a4 Bxd5 14. exd5 Ne7 15. axb5 Qb6 16. Nb4 axb5 17. Rxa8 Rxa8 18. Bd3 Qb7 19. O-O g6 20. Qe2 Ra5
21. Qe3 Bg7 22. Bc2 Ra8 23. Rd1 f5 24. Kh1 Bf6 25. Qb6 Qxb6
0-1